000 00306nam a22001217a 4500
020 _a9788180230264
082 _a823
_bDSP/G
245 _aTHE STORY OF GOLDILOCKS AND THE THREE BEARS
260 _aDELHI
_bD S PUBLISHERS
520 _aENGLISH SHORT STORY
650 _aENGLISH SHORT STORY
_zDELHI
942 _cBK
999 _c5467
_d5467